Central Library and Information Centre
Sibsagar Girls' College, Sivasagar : Assam

SOLID STATE PHYSICS AND ELECTRONICS (Record no. 9541)

MARC details
000 -LEADER
fixed length control field 00401cam a2200169ua 4500
008 - FIXED-LENGTH DATA ELEMENTS--GENERAL INFORMATION
fixed length control field 120120n1999 II |||gr||||Z||||||eng
040 ## - CATALOGING SOURCE
Original cataloging agency MAIN
041 ## - LANGUAGE CODE
-- English
082 ## - DEWEY DECIMAL CLASSIFICATION NUMBER
Classification number 530.41 ARO
100 ## - MAIN ENTRY--PERSONAL NAME
Personal name ARORA, C. L.
245 ## - TITLE STATEMENT
Title SOLID STATE PHYSICS AND ELECTRONICS
260 ## - PUBLICATION, DISTRIBUTION, ETC.
Place of publication, distribution, etc. NEW DELHI
Name of publisher, distributor, etc. S.CHAND & COMPANY
Date of publication, distribution, etc. 1999
300 ## - PHYSICAL DESCRIPTION
Extent 415.
942 ## - ADDED ENTRY ELEMENTS (KOHA)
Koha item type Books
653 ## - INDEX TERM--UNCONTROLLED
Uncontrolled term SOLID STATE PHYSICS
Holdings
Withdrawn status Lost status Damaged status Not for loan Collection code Home library Current library Shelving location Date acquired Full call number Barcode Date last seen Copy number Price effective from Koha item type
        REFPHY Central Library and Information Centre Sibsagar Girls College Central Library and Information Centre Sibsagar Girls College Physics Rack 21.07.2000 530.41 ARO 16408 27.02.2020 1 27.02.2020 Books
        REFPHY Central Library and Information Centre Sibsagar Girls College Central Library and Information Centre Sibsagar Girls College Physics Rack 21.07.2000 530.41 ARO 16409 27.02.2020 2 27.02.2020 Books


Sibsagar Girl's College © 2020. All rights reserved.
Powered by Koha.
Maintained by Abhijit Borpuzari.